L’importance du conte dans une situation pédagogique (notice n° 1645778)
[ vue normale ]
| 000 -LEADER | |
|---|---|
| fixed length control field | 01401cam a2200241 4500500 |
| 005 - DATE AND TIME OF LATEST TRANSACTION | |
| control field | 20260208002204.0 |
| 041 ## - LANGUAGE CODE | |
| Language code of text/sound track or separate title | fre |
| 042 ## - AUTHENTICATION CODE | |
| Authentication code | dc |
| 100 10 - MAIN ENTRY--PERSONAL NAME | |
| Personal name | Blouin, Corinne |
| Relator term | author |
| 245 00 - TITLE STATEMENT | |
| Title | L’importance du conte dans une situation pédagogique |
| 260 ## - PUBLICATION, DISTRIBUTION, ETC. | |
| Date of publication, distribution, etc. | 2015.<br/> |
| 500 ## - GENERAL NOTE | |
| General note | 47 |
| 520 ## - SUMMARY, ETC. | |
| Summary, etc. | Le cessa – Centre d’éducation spécialisée pour enfants sourds aveugles et sourds malvoyants – accueille un public d’enfants qui présentent une double déficience sensorielle, avec des difficultés majeures de relation, de communication et d’accès à l’imaginaire. Une psychologue et une professeure se sont associées pour animer un atelier contes qui utilise diverses modalités de présentation d’un même conte, dans un petit groupe de cinq enfants.Après une année d’expérience, elles constatent que l’atelier contes a eu, pour les enfants du groupe, une fonction contenante, organisatrice de la pensée, constructrice de la personnalité et de soutien aux apprentissages pédagogiques. |
| 690 ## - LOCAL SUBJECT ADDED ENTRY--TOPICAL TERM (OCLC, RLIN) | |
| Topical term or geographic name as entry element | angoisses |
| 690 ## - LOCAL SUBJECT ADDED ENTRY--TOPICAL TERM (OCLC, RLIN) | |
| Topical term or geographic name as entry element | conte |
| 690 ## - LOCAL SUBJECT ADDED ENTRY--TOPICAL TERM (OCLC, RLIN) | |
| Topical term or geographic name as entry element | contenant |
| 690 ## - LOCAL SUBJECT ADDED ENTRY--TOPICAL TERM (OCLC, RLIN) | |
| Topical term or geographic name as entry element | espace transitionnel |
| 690 ## - LOCAL SUBJECT ADDED ENTRY--TOPICAL TERM (OCLC, RLIN) | |
| Topical term or geographic name as entry element | sourd aveugle |
| 690 ## - LOCAL SUBJECT ADDED ENTRY--TOPICAL TERM (OCLC, RLIN) | |
| Topical term or geographic name as entry element | sourd malvoyant |
| 700 10 - ADDED ENTRY--PERSONAL NAME | |
| Personal name | Landel, Christine |
| Relator term | author |
| 786 0# - DATA SOURCE ENTRY | |
| Note | Empan | 100 | 4 | 2015-12-18 | p. 183-188 | 1152-3336 |
| 856 41 - ELECTRONIC LOCATION AND ACCESS | |
| Uniform Resource Identifier | <a href="https://shs.cairn.info/revue-empan-2015-4-page-183?lang=fr&redirect-ssocas=7080">https://shs.cairn.info/revue-empan-2015-4-page-183?lang=fr&redirect-ssocas=7080</a> |
Pas d'exemplaire disponible.




Réseaux sociaux